| 000 | 00517nam a2200133 a 4500 | ||
|---|---|---|---|
| 001 | 000045670 | ||
| 005 | 20210628225112.0 | ||
| 008 | 150422s1989 dr 000 0 spa d | ||
| 040 |
_aDO-SdBNP _bspa _cBNPHU |
||
| 110 |
_aUniversidad Autónoma de Santo Domingo _976692 |
||
| 245 | 1 | 0 |
_aInvestidura ordinaria 28 de octubre, 1989 celebrada a las 5 de la tarde en la Plaza de los Heroes de abril en la ciudad universitaria : _bprograma/. |
| 260 |
_aSanto Domingo : _bEditora universitaria, _c1989. |
||
| 300 |
_a41 p. ; _c21 cm. |
||
| 999 |
_c45159 _d45159 |
||